| 000 | 01164 am a2200289ua 4500 | ||
|---|---|---|---|
| 001 | 012590049 | ||
| 003 | OSt | ||
| 005 | 20150408113955.0 | ||
| 008 | 111210r19961869enkach || 000 ||eng | ||
| 010 | _a96012306 | ||
| 015 |
_aGB9728894 _2bnb |
||
| 020 |
_a9780199733491 _cno price |
||
| 040 |
_aDLC _cDLC _dUk |
||
| 082 | 0 | 4 |
_a914.04286 T M I _221 |
| 100 | 1 |
_aTwain, Mark, _d1835-1910. |
|
| 240 | 1 | 0 | _aInnocents abroad, or, The new pilgrims progress |
| 245 | 1 | 4 |
_aThe innocents abroad / _cMark Twain ; foreword, Shelley Fisher Fishkin ; introduction, Mordecai Richler ; afterword, David E.E. Sloane. |
| 260 |
_aNew York ; _aOxford : _bOxford University Press, _c1996. |
||
| 300 |
_axlv, 651p. : _bill., facsims., ports. ; _c23cm. |
||
| 490 | 0 | _aThe Oxford Mark Twain | |
| 500 | _aFacsim of ed. originally published as: The innocents abroad, or, The new pilgrims' progresss. Hartford, Conn. : American Publishing Company, 1869. | ||
| 651 | 0 |
_aMiddle East _xDescription and travel. _97515 |
|
| 651 | 0 |
_aEurope _xDescription and travel. _97516 |
|
| 700 |
_aFishkin, Shelley Fisher _97389 |
||
| 942 |
_2ddc _cDVD |
||
| 999 |
_c19488 _d253988 |
||